000 00478nam a22001937a 4500
003 OSt
005 20160422162029.0
008 160422b xxu||||| |||| 00| 0 eng d
020 _a0061319759
040 _cDDC.
082 _a303.34MAC1978.
100 _aBurns,James MacGregor;
_98198
245 _aLeadership;
260 _aNew York;
_bParennial;
_c1978.
300 _aix,529;
_bill;
_c25cm.
504 _aincludes index.
650 _aLeadership;
_91402
942 _2ddc
_cSLOAN
999 _c3701
_d3701